| 000 | 00503nam a2200181Ia 4500 | ||
|---|---|---|---|
| 008 | 240729s9999 xx 000 0 und d | ||
| 022 | _a2105-1232 | ||
| 245 | 0 | _aImage Processing On Line | |
| 260 | _aFrance | ||
| 260 | _bImage Processing On Line | ||
| 650 | _a Electronic computers. Computer science | ||
| 650 | _a Instruments and machines | ||
| 650 | _a Mathematics | ||
| 650 | _aScience | ||
| 856 | _uhttps://doaj.org/toc/d31fd156d3fb4786a9bd03f1919dcc9f | ||
| 942 | _2ddc | ||
| 942 | _cDOAJEJ | ||
| 999 |
_c66329 _d66329 |
||
| 945 |
_a1 _bMadushi Gamage _c1 _dMadushi Gamage |
||